[Event "Gibraltar Masters 2020"]
[Site "Caleta ENG"]
[Date "2020.01.29"]
[Round "9.108"]
[White "Burke, Mitchell R"]
[Black "Hapala, Elisabeth"]
[Result "1-0"]
[BlackTitle "WFM"]
[WhiteElo "2001"]
[BlackElo "2170"]
[WhiteFideId "416231"]
[BlackFideId "1622080"]
[EventDate "2020.01.21"]

1. e4 c5 2. Nc3 e6 3. f4 d5 4. Nf3 dxe4 5. Nxe4 Nc6 6. g3 Be7 7. Bg2 Nh6 8. O-O
O-O 9. d3 b6 10. Ne5 Bb7 11. Qh5 f5 12. Ng5 Qd6 13. Re1 Bxg5 14. fxg5 Nxe5 15.
Bxb7 Nhg4 16. c3 Qxd3 17. Bf4 Nf3+ 18. Bxf3 Qxf3 19. Rf1 Qe2 20. Rae1 Qxb2 21.
Rxe6 Qxc3 22. Rfe1 Qd4+ 23. Kg2 Rad8 24. Re7 Qd5+ 25. Kg1 Rf7 26. Qxf7+ Qxf7 27.
Rxf7 Kxf7 28. h3 h6 29. hxg4 hxg5 30. Bxg5 Rd3 31. Re3 Rd1+ 32. Kf2 fxg4 33.
Re7+ Kg8 34. Bf4 c4 35. Rxa7 c3 36. Rc7 Ra1 37. Rxc3 Rxa2+ 38. Ke3 Rb2 39. Ke4
Rb4+ 40. Kd5 Kf7 41. Bc7 b5 42. Rc5 Rb3 43. Kc6 Kf6 44. Rxb5 Rd3 45. Bf4 g6 46.
Rd5 Ra3 47. Kd7 Ra7+ 48. Bc7 Rb7 49. Rd1 Rb3 50. Rf1+ Rf3 51. Re1 Rd3+ 52. Bd6
Rb3 53. Re8 Rd3 54. Rf8+ Kg7 55. Rf1 Kh6 56. Ke6 Re3+ 57. Be5 Kh5 58. Kd5 g5 59.
Ke6 Rf3 60. Rd1 Kg6 61. Rd8 Kh7 62. Rh8+ Kg6 63. Rg8+ Kh6 64. Ke7 Rf5 65. Bf6
Ra5 66. Kf7 Ra7+ 67. Be7 Kh7 68. Rxg5 1-0

[Event "Gibraltar Masters 2020"]
[Site "Caleta ENG"]
[Date "2020.01.29"]
[Round "9.109"]
[White "Jansen, Guido"]
[Black "Gravett, Alan D"]
[Result "1-0"]
[WhiteElo "2162"]
[BlackElo "1824"]
[WhiteFideId "1014650"]
[BlackFideId "406171"]
[EventDate "2020.01.21"]

1. Nf3 d6 2. d4 g6 3. c4 Nf6 4. Nc3 Bg7 5. e4 O-O 6. Be2 h6 7. O-O c6 8. b4 Kh7
9. Qc2 a5 10. bxa5 Qxa5 11. Nd2 e5 12. Nb3 Qc7 13. Be3 Ng4 14. Bxg4 Bxg4 15. f3
Be6 16. d5 cxd5 17. cxd5 Bd7 18. Rfc1 Rc8 19. Qf2 Qd8 20. Bb6 Qe7 21. a4 Be8 22.
Be3 Nd7 23. Nb5 Nf8 24. Qe2 f5 25. Rxc8 Rxc8 26. Na5 fxe4 27. fxe4 g5 28. Nxb7
Qxb7 29. Nxd6 Qb8 30. Nxc8 Qxc8 31. Qd3 Nd7 32. a5 1-0

[Event "Gibraltar Masters 2020"]
[Site "Caleta ENG"]
[Date "2020.01.29"]
[Round "9.110"]
[White "Giacomini, Hector"]
[Black "Winter, Kevin"]
[Result "1/2-1/2"]
[WhiteElo "2161"]
[BlackElo "1714"]
[WhiteFideId "605352"]
[BlackFideId "421960"]
[EventDate "2020.01.21"]

1. Nf3 Nf6 2. e3 g6 3. d4 Bg7 4. c4 O-O 5. Be2 c5 6. dxc5 Qa5+ 7. Bd2 Qxc5 8.
Nc3 Nc6 9. Rc1 d6 10. O-O Qb6 11. b3 a5 12. e4 Qd8 13. h3 Nd7 14. Be3 Re8 15.
Qd2 Nc5 16. Nd4 Nb4 17. Rfd1 Be6 18. f4 Bd7 19. e5 Nba6 20. Nf3 Bc6 21. Qc2 Nb4
22. Qb1 Nba6 23. Nd5 Qb8 24. Bd4 Ne6 25. exd6 Nxd4 26. Nxd4 exd6 27. Bf3 Qa7 28.
c5 dxc5 29. Nxc6 bxc6 30. Nc3 Qc7 1/2-1/2

[Event "Gibraltar Masters 2020"]
[Site "Caleta ENG"]
[Date "2020.01.29"]
[Round "9.111"]
[White "Obiamiwe, Paul"]
[Black "Spence, David J"]
[Result "0-1"]
[WhiteElo "1920"]
[BlackElo "2146"]
[WhiteFideId "8500215"]
[BlackFideId "407429"]
[EventDate "2020.01.21"]

1. Nf3 Nf6 2. c4 e6 3. Nc3 Bb4 4. Qc2 c5 5. a3 Ba5 6. e3 O-O 7. Be2 a6 8. O-O
Nc6 9. Rd1 d6 10. d4 Qe7 11. Rb1 Bxc3 12. Qxc3 e5 13. dxe5 dxe5 14. b4 Bf5 15.
Rb3 e4 16. Nh4 Be6 17. g3 b5 18. Ng2 cxb4 19. axb4 Bxc4 20. Bxc4 bxc4 21. Qxc4
Ne5 22. Qc5 Qe6 23. Rb1 Nf3+ 24. Kf1 Qh3 25. Bb2 Nxh2+ 26. Kg1 Nf3+ 27. Kf1 Rac8 0-1

[Event "Gibraltar Masters 2020"]
[Site "Caleta ENG"]
[Date "2020.01.29"]
[Round "9.112"]
[White "Herzwurm, Robert"]
[Black "Hamer, Martyn"]
[Result "0-1"]
[WhiteElo "1979"]
[BlackElo "2069"]
[WhiteFideId "4668570"]
[BlackFideId "413160"]
[EventDate "2020.01.21"]

1. e4 e5 2. Nf3 Nc6 3. Bc4 Nf6 4. d3 Be7 5. Nc3 O-O 6. a4 d6 7. O-O Be6 8. Bxe6
fxe6 9. d4 exd4 10. Nxd4 Nxd4 11. Qxd4 Ng4 12. h3 Ne5 13. f4 Nf7 14. Qc4 Qd7 15.
Be3 c6 16. Rad1 d5 17. f5 Nd6 18. Qb3 exf5 19. exd5 Kh8 20. dxc6 bxc6 21. Ne2
Rab8 22. Qd3 Qb7 23. Ng3 Rfd8 24. Bd4 c5 25. Bxg7+ Kxg7 26. Nxf5+ Nxf5 27. Qxf5
Rf8 28. Qg4+ Kh8 29. Rxf8+ Bxf8 30. Rd7 Qxb2 31. Qh4 Bg7 32. Rd8+ Bf8 33. Rd7
Qc1+ 34. Kh2 Qh6 35. Qg3 Re8 36. Qc7 Qh4 37. Rf7 Qe4 38. Qd7 Kg8 39. Rf5 Bd6+
40. Kg1 Qd4+ 0-1

[Event "Gibraltar Masters 2020"]
[Site "Caleta ENG"]
[Date "2020.01.29"]
[Round "9.113"]
[White "Gagare, Shalmali"]
[Black "Huguet, Sergio"]
[Result "1-0"]
[WhiteTitle "WIM"]
[BlackTitle "FM"]
[WhiteElo "2099"]
[BlackElo "2055"]
[WhiteFideId "5038650"]
[BlackFideId "2212552"]
[EventDate "2020.01.21"]

1. e4 c5 2. Nf3 g6 3. c3 Bg7 4. d4 cxd4 5. cxd4 d5 6. e5 Nc6 7. Bb5 Bg4 8. Bxc6+
bxc6 9. Nbd2 Nh6 10. O-O O-O 11. h3 Bxf3 12. Nxf3 f6 13. Bf4 Nf7 14. Re1 fxe5
15. Nxe5 Nxe5 16. Bxe5 Bxe5 17. Rxe5 Rb8 18. Qd2 Rf7 19. Rae1 Rb7 20. b3 Qb6 21.
h4 Qb4 22. Qe3 Rf6 23. h5 a5 24. Re6 Rxe6 25. Qxe6+ Kf8 26. Re3 Rb8 27. hxg6
hxg6 28. Qxg6 e6 29. Rf3+ Ke7 30. Rf7+ 1-0

[Event "Gibraltar Masters 2020"]
[Site "Caleta ENG"]
[Date "2020.01.29"]
[Round "9.114"]
[White "Teh, Wee Zhun"]
[Black "Stolniceanu, Victor-Dumitru"]
[Result "1-0"]
[WhiteElo "1857"]
[BlackElo "2074"]
[WhiteFideId "5707277"]
[BlackFideId "1221019"]
[EventDate "2020.01.21"]

1. d4 d5 2. c4 e6 3. Nc3 Bb4 4. Qa4+ Nc6 5. e3 Bd7 6. Qc2 Nf6 7. Bd2 a6 8. Nf3
O-O 9. a3 Be7 10. h3 dxc4 11. Bxc4 h6 12. O-O Bd6 13. Ba2 Re8 14. Rad1 b5 15. d5
exd5 16. Nxd5 Ne5 17. Nxe5 Bxe5 18. Bc3 Nxd5 19. Bxd5 Bxc3 20. Bxa8 Be5 21. Rxd7
Qxa8 22. Qf5 Bxb2 23. Qxf7+ Kh8 24. Rxc7 Rf8 25. Qb3 Be5 26. Rd7 Qc6 27. Qd5 Qf6
28. f4 Bb2 29. Qd6 Qxd6 30. Rxd6 Bxa3 31. Rxa6 Bc5 32. Re6 b4 33. g3 b3 34. Kf2
Ra8 35. Rb1 Ra2+ 36. Kf3 b2 37. Re8+ Kh7 38. Rb8 Ba3 39. Rb3 Kg6 40. Rxa3 Rxa3
41. Rxb2 Ra6 42. g4 Kf6 43. h4 g5 44. hxg5+ hxg5 45. f5 Ke5 46. Rb5+ Kf6 47. Rb8
Ra7 48. Rb6+ Ke5 49. Re6+ Kd5 50. Rg6 Ra1 51. Rxg5 Rf1+ 52. Kg2 Ra1 53. f6+ Ke6
54. Rf5 Kf7 55. g5 Ra8 56. Re5 Kg6 57. e4 Ra3 58. Rf5 Ra8 59. f7 Rf8 60. Kf3 Kg7
61. Kf4 Kg6 62. Ke5 Rxf7 63. Rxf7 Kxf7 64. Kd6 1-0

[Event "Gibraltar Masters 2020"]
[Site "Caleta ENG"]
[Date "2020.01.29"]
[Round "9.115"]
[White "Reeder, Andy"]
[Black "Hng, Mei-En Emmanuelle"]
[Result "1/2-1/2"]
[BlackTitle "WFM"]
[WhiteElo "2064"]
[BlackElo "2055"]
[WhiteFideId "2016516"]
[BlackFideId "5804566"]
[EventDate "2020.01.21"]

1. Nf3 c5 2. c4 Nf6 3. g3 Nc6 4. Bg2 g6 5. b3 Bg7 6. Bb2 O-O 7. O-O d6 8. d4 Qa5
9. e3 Bg4 10. h3 Bf5 11. g4 Bd7 12. Nc3 Rac8 13. Qe2 Rfe8 14. d5 Nb4 15. a3 Na6
16. g5 Nh5 17. Ne4 f5 18. Ng3 Bxb2 19. Qxb2 Ng7 20. Ne1 b5 21. Nd3 bxc4 22. bxc4
Rb8 23. Qa2 Nc7 24. Nf4 Qc3 25. Rfc1 Qb2 26. Bf1 Ba4 27. Qxb2 Rxb2 28. Rcb1 Reb8
29. Bd3 e5 30. dxe6 Ngxe6 31. Nxe6 Nxe6 32. h4 Bc6 33. Rxb2 Rxb2 34. Rb1 Ra2 35.
Rb3 Ra1+ 36. Kh2 Kf7 37. Ne2 d5 38. Kg3 d4 39. Bc2 Re1 40. Bd3 Ke7 41. Rb1 Rxb1
42. Bxb1 Be4 43. Bxe4 fxe4 44. f3 dxe3 45. fxe4 Nd4 46. Nf4 Kd6 47. Nd3 a5 48.
a4 Ke6 49. Kf4 e2 50. Ke3 Kd6 51. Kf2 Ke6 52. Ke1 1/2-1/2

[Event "Gibraltar Masters 2020"]
[Site "Caleta ENG"]
[Date "2020.01.29"]
[Round "9.116"]
[White "Roman Lopez, Jesus"]
[Black "Guerra Reig, Juan"]
[Result "1/2-1/2"]
[WhiteElo "1973"]
[BlackElo "1998"]
[WhiteFideId "2291673"]
[BlackFideId "2224801"]
[EventDate "2020.01.21"]

1. e4 c6 2. d4 d5 3. exd5 cxd5 4. c4 Nf6 5. Nc3 Nc6 6. Nf3 Bg4 7. cxd5 Nxd5 8.
Qb3 Bxf3 9. gxf3 e6 10. Qxb7 Nxd4 11. Bb5+ Nxb5 12. Qc6+ Ke7 13. Qc5+ Ke8 14.
Qc6+ Ke7 15. Qc5+ Ke8 16. Qxb5+ Qd7 17. Nxd5 exd5 18. Qxd7+ Kxd7 19. Be3 Bb4+
20. Ke2 Rac8 21. Rac1 Rhe8 22. Kd3 a6 23. h3 Bd6 24. Bd4 Rxc1 25. Rxc1 f6 26. b3
Re6 27. Bc5 Re5 28. Bxd6 Kxd6 29. Rc8 Rf5 30. Ke2 Re5+ 31. Kd2 Rf5 32. Ke2 Re5+
33. Kd3 Rh5 34. Ra8 Rxh3 35. Rxa6+ Kc5 36. Ra5+ Kc6 37. Ke2 Rh1 38. Ra7 Rg1 39.
b4 h5 40. a4 h4 41. Ra8 h3 42. Rc8+ Kb7 43. Rh8 Rb1 44. b5 Rb4 45. Rxh3 Rxa4 46.
Rh7 Kb6 47. Rxg7 Kxb5 48. Rf7 Ra6 49. Kd3 Kc5 50. f4 Ra3+ 51. Ke2 Ra6 52. Kd3
Ra3+ 53. Ke2 Ra6 54. Kd3 1/2-1/2

[Event "Gibraltar Masters 2020"]
[Site "Caleta ENG"]
[Date "2020.01.29"]
[Round "9.117"]
[White "Johnsen, Sylvia"]
[Black "Wilson, Matthew R"]
[Result "1-0"]
[WhiteTitle "WFM"]
[WhiteElo "1902"]
[BlackElo "1837"]
[WhiteFideId "1500988"]
[BlackFideId "423459"]
[EventDate "2020.01.21"]

1. e4 e5 2. Nf3 Nf6 3. Nxe5 d6 4. Nf3 Nxe4 5. d4 d5 6. Be2 Bd6 7. Nbd2 O-O 8. c4
c6 9. Nxe4 dxe4 10. Ne5 Bxe5 11. dxe5 Qxd1+ 12. Bxd1 Re8 13. Bc2 Rxe5 14. Be3
Na6 15. O-O-O Bg4 16. Rd4 Rae8 17. h3 Bh5 18. g4 Bg6 19. Rd7 Nc5 20. Rc7 a5 21.
Bd4 Rg5 22. Be3 Rge5 23. h4 Nd3+ 24. Kb1 h5 25. gxh5 Bxh5 26. Rxb7 Rf5 27. Ra7
Be2 28. Rh2 Nb4 29. Bb3 Rb8 30. Rg2 Bf3 31. Rg5 Rxg5 32. hxg5 Rd8 33. Bb6 Rd2
34. Bxa5 c5 35. a3 Rxf2 36. axb4 e3 37. Re7 Rf1+ 38. Ka2 cxb4 39. Bxb4 e2 40.
Re8+ Kh7 41. Bc2+ g6 42. Bc3 1-0

[Event "Gibraltar Masters 2020"]
[Site "Caleta ENG"]
[Date "2020.01.29"]
[Round "9.118"]
[White "Sagar, Siya"]
[Black "Manukonda, Arun"]
[Result "1-0"]
[WhiteElo "1740"]
[BlackElo "1959"]
[WhiteFideId "25098160"]
[BlackFideId "5080789"]
[EventDate "2020.01.21"]

1. e4 c5 2. Nf3 d6 3. d4 cxd4 4. Nxd4 Nf6 5. Nc3 a6 6. f3 e5 7. Nb3 Be6 8. Be3
Be7 9. Qd2 Nbd7 10. O-O-O b5 11. g4 h6 12. h4 Rc8 13. Kb1 Qc7 14. Bd3 Nc5 15. g5
Nh5 16. gxh6 gxh6 17. Rdg1 b4 18. Ne2 Nxd3 19. Qxd3 Bc4 20. Qd2 a5 21. Ng3 Nxg3
22. Rxg3 a4 23. Nc1 Be6 24. h5 d5 25. Rhg1 d4 26. Rg8+ Rxg8 27. Rxg8+ Kd7 28.
Rxc8 Kxc8 29. Bxh6 f5 30. Bg7 fxe4 31. fxe4 Bd6 32. h6 Bg8 33. Nd3 Qf7 34. b3
Qf1+ 35. Qe1 Qxe1+ 36. Nxe1 axb3 37. axb3 Kd7 38. Nf3 Ke6 39. Ng5+ Ke7 40. Kc1
Ke8 41. Bf6 Kf8 42. h7 Bxh7 43. Nxh7+ Kf7 44. Bd8 Kg6 45. Ng5 Bf8 46. Nf3 Bd6
47. Kd2 Kh5 48. Kd3 Kg4 49. Ng5 Kg3 50. Nf7 Bb8 51. Be7 1-0

[Event "Gibraltar Masters 2020"]
[Site "Caleta ENG"]
[Date "2020.01.30"]
[Round "10.28"]
[White "Ramirez, Alejandro"]
[Black "Ravi, Teja S."]
[Result "1/2-1/2"]
[WhiteTitle "GM"]
[BlackTitle "IM"]
[WhiteElo "2574"]
[BlackElo "2464"]
[WhiteFideId "6500617"]
[BlackFideId "5017220"]
[EventDate "2020.01.21"]

1. d4 d5 2. c4 c6 3. cxd5 cxd5 4. Nc3 Nf6 5. Bf4 Nc6 6. e3 a6 7. Be2 Bf5 8. Nf3
e6 9. Qb3 Bd6 10. Bxd6 Qxd6 11. Qxb7 O-O 12. Qb3 Nb4 13. O-O Nc2 14. Rab1 Rfb8
15. Qa4 Ng4 16. b3 Qc7 17. Nxd5 exd5 18. Rbc1 Bd7 19. Qa3 Nxa3 20. Rxc7 Nf6 21.
Ne5 Be8 22. Rfc1 Nb5 23. R7c5 Ne4 24. R5c2 a5 25. f3 Nf6 26. Nc6 Bxc6 27. Rxc6
Kf8 28. R1c5 Na3 29. g4 h6 30. h4 a4 31. g5 axb3 32. axb3 hxg5 33. hxg5 Ng8 34.
Rc3 Ne7 35. R6c5 Nb1 36. Rd3 Ra2 37. Bd1 Nd2 38. Rdc3 g6 39. Rc2 Rba8 40. Kf2
Nxb3 41. Rc3 Nd2 42. Be2 Nf5 43. Bd3 Nd6 44. Rxa2 Rxa2 45. Kg3 N6c4 46. e4 Ra3
47. Rxa3 Nxa3 48. exd5 Nac4 49. f4 Nd6 50. f5 gxf5 51. Kf4 N2e4 52. Be2 Ke7 53.
Bf1 Nc3 54. Ke5 Nde4 55. Bh3 Nd6 56. Bxf5 Nc4+ 57. Kf4 Nxd5+ 58. Kf3 Nd6 59. Bc2
Nc7 60. d5 Nxd5 61. g6 f6 62. g7 Kf7 1/2-1/2